000 00622nam a22002057a 4500
003 OSt
005 20260502030126.0
008 260502b |||||||| |||| 00| 0 eng d
020 _a981-4058-18-1
040 _aDWCL-Main lib
_cOC
082 _211th ed.
_aCirc. 657 H784i 2000
100 _aHorngren, Charles T.
245 _aIntroduction to management accounting/
_cHorngren, Charles T.
260 _bPearson educ. Asia,
_cc2000
300 _axxix 763, I11 p. ;
_c25 cm.
504 _aInclude index.
700 _aSundem, Gary L.
700 _aStratton, William O.
942 _2ddc
_cBK-CIRC
_e11th ed.
_hCirc.
_n0
999 _c10172
_d10172